V ľubovnianskom CVČ sa páči hispáncom, pracuje tu Portugalec z Luxemburska a Argentínčan z Buenos Aires zaujímavosť

Bibliographic Details
Main Author: Ondráš, Oliver, 1974- (Author, Photographer)
Format: Article
Language:Slovak
PhysicalDescription:Fotogr.
ISSN:1335-7573
Subjects:

MARC

LEADER 00000nab a2200000 ar4500
001 vtls008851244
003 SK-MaSNL
005 20260303215320.0
008 061002c20040316xo dr|n|||||||000 b|slo
015 |a SLLK2004  |2 sllk 
038 |a SLLK 
040 |a SLLK  |b slo  |c sllk  |e AACR2 
041 0 |a slo 
044 |a xo  |c SK 
080 |a 331.102.24  |2 1997 
080 |a 379.8  |2 1997 
100 1 |a Ondráš, Oliver,  |d 1974-  |4 aut  |4 pht  |9 1033363 
245 1 0 |a V ľubovnianskom CVČ sa páči hispáncom, pracuje tu Portugalec z Luxemburska a Argentínčan z Buenos Aires  |b zaujímavosť  |c Oliver Ondráš ; foto k článku: autor 
300 |b Fotogr. 
600 1 7 |a Carrias, Helder  |e dobrovoľník  |2 sllk  |9 90667 
600 1 7 |a Mauvecin, Daniel Maria  |e dobrovoľník  |2 sllk  |9 1251417 
610 2 7 |a Centrum voľného času (Stará Ľubovňa, Slovensko)  |2 snkbucl  |9 59256 
650 0 7 |a dobrovoľníci  |2 snkbucl  |9 30551 
651 7 |a Stará Ľubovňa (Slovensko)  |2 snkbucl  |9 19193 
773 0 |t Tatranský denník Korzár  |g Roč. VI, č. 63 (13. 3.2004)  |x 1335-7573 
773 0 |i Pril.  |t Spiš  |g s. VI 
852 |a SLLK  |b KIS3GCP 
999 |c 2220963  |d 2222893